| 000 | 01247nam a2200337 a 4500 | ||
|---|---|---|---|
| 001 | 000108726 | ||
| 003 | CHAP | ||
| 005 | 20220329144022.0 | ||
| 008 | 140306s2012 mx sm |||||||spa d | ||
| 010 | _a105188 | ||
| 011 | _a106160 | ||
| 040 | _cCHAP | ||
| 090 | _aTesis | ||
| 100 | 1 |
_aRamos Godínez, Abelardo _9125770 |
|
| 245 | 1 | 0 |
_aDiagnóstico de la cadena agroalimentaria bovinos de carne en la región caliente, Guerrero _h[En línea] _cpor Abelardo Godínez Ramos y Malaquias García Guerrero. |
| 260 |
_aChapingo, Méx. : _bEl autor, _c2012. |
||
| 500 | _aPara ver el contenido del material haga clic en la liga | ||
| 502 | _aTesis (Ing. Agr. Esp. en Zootecnia) --UACH. Zootecnia | ||
| 590 |
_aBATCH-UPD _b05 _c20140324 _lUCH01 _h1536 |
||
| 590 |
_aBATCH-UPD _b05 _c20141002 _lUCH01 _h0857 |
||
| 590 |
_aE5765TAJ _b05 _c20140306 _lUCH01 _h1150 |
||
| 590 |
_aE5765TAJ _b05 _c20140306 _lUCH01 _h1151 |
||
| 650 | 1 | 4 |
_aGanado de carne _xGuerrero. _945085 |
| 650 | 1 | 4 |
_aGanado de carne _xNutrición. _945099 |
| 650 | 1 | 4 |
_aGanado de carne _xProducción. _945104 |
| 700 | 1 |
_aGarcía Guerrero, Malaquias _9125771 |
|
| 856 |
_aFinding aid _uhttp://10.13.5.2/tesis/sist108726.pdf _zTeclea aquí |
||
| 901 | _aBK | ||
| 942 | _cTESIS | ||
| 942 | _n0 | ||
| 999 |
_c105188 _d105188 |
||